Gaming Quiz

Random Gaming Quiz
Score 0/30 Timer 05:00
0 Plays Today
What Medal % Correct
Kill 2 opponents within 4 seconds of each otherDouble Kill!
92.5%
Kill 3 opponents within 4 seconds of each otherTriple Kill!
91.6%
Kill 5 opponents in a rowKilling Spree!
90.4%
Kill 4 opponents within 4 seconds of each otherOverkill!
85.4%
Kill an opponent by means of meleeBeat down!
83%
Kill 5 opponents within 4 seconds of each otherKilltacular!
76.9%
Kill an opponent by means of melee from behindAssassination!
76.8%
Don't die but get at least 15 killsPerfection!
76.7%
Kill 15 opponents in a rowRunning Riot!
74.7%
Kill 10 opponents in a rowKilling Frenzy!
74.5%
Kill 10 opponents within 4 seconds of each otherKillionaire!
74.3%
Kill an opponent with a vehicleSplatter!
72.1%
Take out an entire teamExtermination!
71.3%
Kill an opponent when the opponent had a spreeKilljoy!
67.8%
Kill an opponent when they're attacking with a swordBulltrue!
64.2%
What Medal % Correct
Kill 7 opponents within 4 seconds of each otherKillimanjaro!
62.4%
Kill 6 opponents within 4 seconds of each otherKilltrocity!
61.1%
Kill 20 opponents in a rowRampage!
53.4%
Kill 9 opponents within 4 seconds of each otherKillpocalypse!
52.9%
Kill 30 opponents without dyingInvincible!
51.9%
Be the driver of a vehicle and help someone kill an opponentWheelman!
47.4%
Kill 8 opponents within 4 seconds of each otherKilltastrophe!
46.9%
Kill 25 opponents in a rowUntouchable!
44.8%
Kill an opponent by means of a laserLaser Kill!
39%
Kill an opponent by means of a sniperSniper Kill!
39%
Kill an opponent by means of a fire-based weaponIncineration!
38.2%
Melee an opponent off a sky based vehicleSkyjacker!
27.5%
Kill an opponent after you have diedDeath from the Grave!
26.1%
Melee an opponent off a land based vehicleHighjacker!
25.9%
Kill an opponent by means of sticking with a grenadeGrenade stick!
14.7%
Come Together.
Have Fun.
All Virtual.
We all need to come together. Play Sporcle's virtual live trivia to have fun, connect with people, and get your trivia on. Join a live hosted trivia game for your favorite pub trivia experience done virtually. If a virtual private party is more your thing, go here for details.

You're not logged in!

Compare scores with friends on all Sporcle quizzes.
OR
Log In

Sporcle TV

Today on Sporcle TV


Watch our educational content, quiz creation guides, and fun videos on Sporcle TV.

Show Comments

Extras

Created Oct 10, 2009ReportNominate
Tags:halo, Medal

Top Quizzes Today


Score Distribution

Paid Content

Your Account Isn't Verified!

In order to create a playlist on Sporcle, you need to verify the email address you used during registration. Go to your Sporcle Settings to finish the process.

Report this User

Report this user for behavior that violates our Community Guidelines.

Details: